Harry Potter: české překlady názvů (Click Quiz - přiřaď kliknutím) - Statistics

General Stats
  • This quiz has been taken 180 times
  • The average score is 21 of 48
Answer Stats
Hint Extra Hint Answer % Correct
(Albus) Brumbál ředitel školy Dumbledore
83%
Zmijozel kolej Slytherin
80%
Nebelvír kolej Gryffindor
77%
(Lenka) Láskorádová kamarádka Harryho Lovegood
73%
Bradavice škola Hogwarts
72%
Mudla Muggle
72%
Obraceč času Time-Turner
72%
Mrzimor kolej Hufflepuff
67%
Smrtijed Death Eater
63%
Mozkomor Dementor
62%
Havraspár kolej Ravenclaw
60%
Vrba mlátička Whomping Willow
60%
Ufňukaná Uršula Moaning Myrtle
57%
Famfrpál sport Quidditch
55%
Viteál Horcrux
53%
Příčná ulice Diagon Alley
52%
Krásnohůlky škola Beauxbatons
48%
(Fenrir) Šedohřbet Smrtijed - vlkodlak Greyback
48%
Obrtlá ulice Knockturn Alley
47%
Pošuk přezdívka Alastora Moodyho Mad Eye
47%
Náměsíčník přezdívka Remuse Lupina Moony
47%
Červíček přezdívka Petra Pettigrewa Wormtail
47%
Chloupek trojhlavý pes Fluffy
45%
Prasinky vesnice u Bradavic Hogsmeade
42%
Chroptící chýše Shrieking Shack
40%
Krátura domácí skřítek Kreacher
38%
Tichošlápek přezdívka Siriuse Blacka Padfoot
38%
(Horácio) Křiklan profesor lektvarů Slughorn
37%
(Bartemius) Skrk Smrtijed Crouch
35%
(Filius) Kratiknot profesorem kouzelných formulí Flitwick
35%
Dráp bratr Hagrida Grawp
35%
Protiva Peeves
35%
Bubák Boggart
33%
Křivonožka kocour Hermiony Crookshanks
33%
Kruval škola Durmstrang
32%
Hulák typ dopisu Howler
32%
(Rita) Holoubková novinářka Skeeter
30%
(Kornelius) Popletal Ministr kozel Fudge
28%
(Pomona) Prýtová profesorka bylinkářství Sprout
25%
Myslánka nádoba se vzpomínkami Pensieve
23%
Dvanácterák přezdívka Jamese Pottera Prongs
23%
(Kingsley) Pastorek bystrozor Shacklebolt
23%
(Stan) Silnička průvodčí autobusu Shunpike
23%
(Ludo) Pytloun šéf odboru kouzelných her a sportů Bagman
22%
Moták Squib
22%
Papušík Ronova sova Pigwidgeon
18%
(Rudus) Brousek Ministr kozel Scrimgeour
18%
(Vilemína) Červotočková profesorka péče o kouzelné tvory Grubbly-Plank
15%
No matching quizzes found
Score Distribution
Percent of People with Each Score
Percentile by Number Answered
Your Score History
You have not taken this quiz